000 03455cam a2201261 4500
003 PE-LiUPU
005 20250813185619.0
020 _a8436814967
035 _a(Sirsi) i9788436814965
035 _a(Sirsi) 50011
035 _a(Sirsi) 50011
041 _aes
044 _aes
082 0 4 _a372.623
_bS85
100 1 _aSuárez Yáñez, Andrés
245 _aIniciación escolar a la escritura y la lectur :
_bdiseño de programas adaptados a la diversidad /
_cAndrés Suárez Yáñéz.
264 1 _aMadrid :
_bPirámide,
_c2000
300 _a180 páginas :
_bilustraciones ;
_c24 cm.
490 0 _aColección Psicología (Ediciones Pirámide). Sección Pedagogía
504 _aIncluye bibliografía
505 0 _aConsideraciones sobre el lenguaje escrito -- Las ortografías alfabéticas en contexto. La ortografía del castellano -- Diseño de programa de iniciación al lenguaje escrito adaptados a la diversidad -- Intervención preventiva y recuperadora
526 _aP202
526 _aP201
526 _aP163
526 _aP162
526 _aP161
526 _aP160
526 _aP148
526 _aP147
526 _aP146
526 _aP145
526 _aP144
526 _aP143
526 _aP142
526 _aP141
526 _aP140
526 _aP139
526 _aP138
526 _aP137
526 _aP136
526 _aP135
526 _aP134
526 _aP133
526 _aP129
526 _aP128
526 _aP127
526 _aP120
526 _aP119
526 _aP118
526 _aP116
526 _aP115
526 _aP114
526 _aP110
526 _aP109
526 _aP108
526 _aP104
526 _aP103
526 _aP102
526 _aP99
526 _aP98
526 _aP97
526 _aP96
526 _aP95
526 _aP93
526 _aP90
526 _aP89
526 _aP88
526 _aP83
526 _aP82
526 _aP62
526 _aP59
526 _aP58
526 _aP57
526 _aP51
526 _aP49
526 _aP48
526 _aP47
526 _aP29
526 _aP24
526 _aP20
526 _aP19
526 _aP17
526 _aP15
526 _aP14
526 _aP12
526 _aP10
526 _aP09
526 _aP08
526 _aP07
526 _aP06
526 _aP05
526 _aP04
526 _aP01
650 1 4 _aEspañol
_xComposición y ejercicios
_xMetodología
650 1 4 _aLenguaje y lenguas
_xMetodología
650 1 4 _aEscritura
_xDidáctica
650 1 4 _aLectura
_xDidáctica
859 _q66605
_h372.623
_iS85
859 _q66606
_h372.623
_iS85
910 _agl
_bjv
_cng
_d20130227
942 _2ddc
_cBOOK
949 _a372.623 S85
_i66605
_lCCODEBUL1
_mBUL
_tLIBRO
_o.STAFF. Colección General
949 _a372.623 S85
_i66606
_lCCODEBUL1
_mBUL
_tLIBRO
_o.STAFF. Colección General
596 _a1
999 _a372.623 S85
_wDEWEY
_c54640
_i66605
_d54640
_e2017-5-24
_f2021-11-8
_g5
_lCCODEBUL1
_mBUL
_n1
_p30.00
_r0
_sY
_tBOOK
_u2015-7-6
_xEDUCACION
_PP20
_0COMPRA
_o.STAFF. Colección General
999 _a372.623 S85
_wDEWEY
_c2
_i66606
_f2021-11-8
_g5
_lCCODEBUL1
_mBUL
_p30.00
_r0
_sY
_tBOOK
_u2015-7-6
_xEDUCACION
_PP20
_0COMPRA
_o.STAFF. Colección General
980 _81
_gALBERTO SANCHEZ Responsable de Automatización